Biblioteca y Centro de Documentación

África América Latina cuadernos (Registro nro. 25922)

Detalles MARC
000 -CABECERA
Longitud fija campo de control 01326nas a2200409 c 4500
001 - NÚMERO DE CONTROL
Número de control 25922
003 - IDENTIFICADOR DE NÚMERO DE CONTROL
Identificador del número de control ES-MaCES
005 - FECHA Y HORA DE LA ÚLTIMA TRANSACCIÓN
Fecha y hora de la última transacción 20250227092903.0
008 - CAMPO FIJO DE DESCRIPCIÓN FIJA--INFORMACIÓN GENERAL
Códigos de información de longitud fija   020403d2002 sp ar p 0 b|spa d
017 ## - NÚMERO DE REGISTRO DE DERECHOS DE AUTOR Y DEPÓSITO LEGAL
Número de copyright o de depósito legal M 7785-2002
Agencia que asigna el número DL
022 1# - ISSN (INTERNATIONAL STANDARD SERIAL NUMBER)
Número Internacional Normalizado para Publicaciones Seriadas 1130-2569
035 ## - NÚMERO DE CONTROL DEL SISTEMA
Número de control del sistema CES20020000033p
040 ## - FUENTE DE CATALOGACIÓN
Centro catalogador de origen ES-MaCES
Lengua de catalogación spa
Centro transcriptor ES-MaCES
245 00 - MENCIÓN DE TÍTULO
Título África América Latina cuadernos
Resto del título : revista de análisis sur-norte para una cooperación solidaria
Mención de responsabilidad, etc. SODePAZ
260 ## - PUBLICACIÓN, DISTRIBUCIÓN, ETC (PIE DE IMPRENTA)
Lugar de publicación, distribución, etc. Madrid
Nombre del editor, distribuidor, etc. SODePAZ
300 ## - DESCRIPCIÓN FÍSICA
Extensión v.
Dimensiones 24 cm
310 ## - PERIODICIDAD ACTUAL DE LA PUBLICACIÓN
Periodicidad actual Anual
321 ## - PERIODICIDAD ANTERIOR DE LA PUBLICACIÓN
Periodicidad anterior Tres veces al año
500 ## - NOTA GENERAL
Nota general Cerrada, con el n. 39 (2003)
500 ## - NOTA GENERAL
Nota general Descripción basada en: n. 38 (2002)
500 ## - NOTA GENERAL
Nota general Comenzó con: n. 1 (feb. 1990)
500 ## - NOTA GENERAL
Nota general Tít. tomado de la cub
541 ## - NOTA DE LA FUENTE INMEDIANTE DE ADQUISICIÓN
Forma de adquisición Compra
592 ## - CES. NOTA ESTADO DE LA PUBLICACIÓN
Estado publicación Cerrada
650 #4 - ASIENTO SECUNDARIO DE MATERIA--TÉRMINO DE MATERIA
Término de materia o nombre geográfico como elemento inicial Africa
9 (RLIN) 26791
650 #4 - ASIENTO SECUNDARIO DE MATERIA--TÉRMINO DE MATERIA
Término de materia o nombre geográfico como elemento inicial América Latina
9 (RLIN) 26882
650 #4 - ASIENTO SECUNDARIO DE MATERIA--TÉRMINO DE MATERIA
Término de materia o nombre geográfico como elemento inicial diálogo Norte-Sur
9 (RLIN) 29495
650 #4 - ASIENTO SECUNDARIO DE MATERIA--TÉRMINO DE MATERIA
Término de materia o nombre geográfico como elemento inicial ayuda al desarrollo
9 (RLIN) 26634
653 10 - TÉRMINO DE INDEXACIÓN--NO CONTROLADO
Término no controlado Cooperación al desarrollo
710 2# - ENCABEZAMIENTO SECUNDARIO--NOMBRE CORPORATIVO
Nombre de entidad o nombre de jurisdicción como elemento inicial SODePAZ
9 (RLIN) 5014
853 21 - LEYENDAS Y PATRÓN--UNIDAD BIBLIOGRÁFICA BÁSICA
Segundo nivel de enumeración n.
Primer nivel de cronología año
Continuidad en la numeración c
Frecuencia a
856 42 - ACCESO ELECTRÓNICO
Identificador Uniforme del Recurso (URI) <a href="https://dialnet.unirioja.es/servlet/revista?codigo=1986">https://dialnet.unirioja.es/servlet/revista?codigo=1986</a>
Nota pública tabla de contenidos a través de Dialnet
866 #0 - FUENTES TEXTUALES--UNIDAD BIBLIOGRÁFICA BÁSICA
Holdings textuales 2002-2003.
Nota pública Ubicación: DEPÓSITO - 10729
905 ## - CES. DATOS REVISTA
Boletín de sumarios (Sirtex 591$a) Boletín A
Proceso +
942 ## - ELEMENTOS KOHA
Fuente de clasificaión o esquema Clasificación propia del CES
Koha [por defecto] tipo de item Periódicas
Parte de clasificación 1.2.
Existencias
Número de registro Signatura completa Tipo de item de Koha
047125 55/960 Periódicas
057192 55/960 Periódicas
© CES, Consejo Económico y Social de España 2021